Nano and microstructural design of advanced materials : (Record no. 1943)
[ view plain ]
| 000 -LEADER | |
|---|---|
| fixed length control field | 01037nac a22002531u 4500 |
| 008 - FIXED-LENGTH DATA ELEMENTS--GENERAL INFORMATION | |
| fixed length control field | 090804t2003 xxu|||||r|||| 001 0 eng d |
| 010 ## - LIBRARY OF CONGRESS CONTROL NUMBER | |
| LC control number | 2003066706 |
| 020 ## - INTERNATIONAL STANDARD BOOK NUMBER | |
| International Standard Book Number | 0080444377 |
| 020 ## - INTERNATIONAL STANDARD BOOK NUMBER | |
| International Standard Book Number | 0080443737 |
| 082 00 - DEWEY DECIMAL CLASSIFICATION NUMBER | |
| Classification number | 620.11 |
| Item number | NAN |
| Edition number | 22 |
| 100 ## - MAIN ENTRY--PERSONAL NAME | |
| Personal name | 20080729 |
| 9 (RLIN) | 8333 |
| 245 00 - TITLE STATEMENT | |
| Title | Nano and microstructural design of advanced materials : |
| Remainder of title | a commemorative volume on Professor G. Thomas' seventieth birthday / |
| Statement of responsibility, etc | edited by M.A. Meyers, R.O. Ritchie, and M. Sarikaya. |
| 260 ## - PUBLICATION, DISTRIBUTION, ETC. (IMPRINT) | |
| Place of publication, distribution, etc | Amsterdam ; |
| -- | Boston : |
| Name of publisher, distributor, etc | Elsevier, |
| Date of publication, distribution, etc | 2003. |
| 300 ## - PHYSICAL DESCRIPTION | |
| Extent | xii, 303 p. : |
| Other physical details | ill. ; |
| Dimensions | 25 cm. |
| 504 ## - BIBLIOGRAPHY, ETC. NOTE | |
| Bibliography, etc | Includes bibliographical references and index. |
| 650 #0 - SUBJECT ADDED ENTRY--TOPICAL TERM | |
| Topical term or geographic name as entry element | Nanostructured materials. |
| 9 (RLIN) | 8334 |
| 650 #0 - SUBJECT ADDED ENTRY--TOPICAL TERM | |
| Topical term or geographic name as entry element | Materials |
| General subdivision | Microscopy. |
| 9 (RLIN) | 8335 |
| 700 1# - ADDED ENTRY--PERSONAL NAME | |
| Personal name | Thomas, Gareth, |
| Dates associated with a name | 1932- |
| 9 (RLIN) | 8336 |
| 700 1# - ADDED ENTRY--PERSONAL NAME | |
| Personal name | Meyers, Marc A. |
| 9 (RLIN) | 8337 |
| 700 1# - ADDED ENTRY--PERSONAL NAME | |
| Personal name | Ritchie, R. O. |
| Fuller form of name | (Robert O.) |
| 9 (RLIN) | 8338 |
| 700 1# - ADDED ENTRY--PERSONAL NAME | |
| Personal name | Sarikaya, Mehmet. |
| 9 (RLIN) | 8339 |
| 856 42 - ELECTRONIC LOCATION AND ACCESS | |
| Materials specified | Publisher description |
| Uniform Resource Identifier | <a href="http://www.loc.gov/catdir/description/els051/2003066706.html">http://www.loc.gov/catdir/description/els051/2003066706.html</a> |
| 942 ## - ADDED ENTRY ELEMENTS (KOHA) | |
| Item type | Book - Borrowing |
| Call number prefix | 620.11 NAN |
| Source of classification or shelving scheme | Dewey Decimal Classification |
| Withdrawn status | Item status | Source of classification or shelving scheme | Damaged status | Not for loan | Vendor | Home library | Current library | Shelving location | Date acquired | Source of acquisition | Total Checkouts | Full call number | Barcode | Date last seen | Cost, replacement price | Koha item type |
|---|---|---|---|---|---|---|---|---|---|---|---|---|---|---|---|---|
| Dewey Decimal Classification | Central Library | Central Library | First floor | 05/02/2007 | 620.11NAN | 000002415 | 15/07/2025 | 145.00 | Book - Borrowing |